000 00843nam a22002657a 4500
001 BR9001800
003 BR-BrBNA
005 20230928093422.0
007 ta
008 230509b bl.||||| |||| 00| 0 por d
040 _aBR-BrBNA
_bpor
_cBiblioteca Nacional de Agricultura
041 _a(Por)
072 _aE70
_b8901
_b/G514
090 _ 8901 BR9001800
110 1 _aInstituto Brasileiro de Desenvolvimento Florestal, Brasilia, DF (Brasil). Depto. de Industrializacao e Comercializacao
_95732
245 1 _aIdentificacao e agrupamento de especies de madeiras tropicais amazonicas. Sintese
260 3 _aBrasilia, DF (Brasil):
_c1985.
300 _a59 p.
650 _aMADEIRA
650 _aMERCADO NACIONAL
650 _aMERCADO INTERNACIONAL
650 _aCOMERCIALIZACAO
909 _a202309
_bLucia
_c55
_dLucia Elande
942 _cBK
999 _c44879
_d44879